Normal view MARC view
  • Brenner, Marty,

Entry Personal Name

Number of records used in: 1

001 - CONTROL NUMBER

  • control field: 111103

003 - CONTROL NUMBER IDENTIFIER

  • control field: NUST

005 - DATE AND TIME OF LATEST TRANSACTION

  • control field: 20230322140814.0

008 - FIXED-LENGTH DATA ELEMENTS

  • fixed length control field: 230322|| aca||aabn | a|a d

040 ## - CATALOGING SOURCE

  • Original cataloging agency: NUST
  • Transcribing agency: NUST

100 ## - HEADING--PERSONAL NAME

  • Personal name: Brenner, Marty,
  • Dates associated with a name: 1955-

670 ## - SOURCE DATA FOUND

  • Source citation: Work cat.: (NUST)0: Lind, Rick, 1968- 111101, Robust aeroservoelastic stability analysis :, c1999.
© 2023 Central Library, National University of Sciences and Technology. All Rights Reserved.